000 02127nam0a2200445 4500
001 RU\NLR\BIBL_A\012184511
005 20230906141827.0
010 _a978-5-907041-36-3
_9600
021 _aRU
_bКН-П-19-096957
_9КН-П-19-7116
035 _a(NLR Aleph) 012184511
035 _a(RuMoRGB)010202763
090 _a12288160
_c12288160
100 _a20200123d2020 k y0rusy50 ca
101 0 _arus
102 _aRU
105 _aa|||z|||001zb
181 0 _ai
_baxxe
182 0 _an
200 1 _aМир смысла в немногих словах
_eфилософские взгляды Махмуда Шабистари в контексте эпохи
_e[монография]
_fА. А. Лукашев
_g[Институт философии Российской академии наук]
203 _aТекст
_bвизуальный
_cнепосредственный
210 _aМосква
_cЯСК
_cСадра
_d2020 [т.е. 2019]
215 _a319 с.
_cил., табл.
_d22
225 1 _aФилософская мысль исламского мира
_fответственный ред. акад. РАМН А. В. Смирнов
_iИсследования
_vт. 11
300 _aКн. фактически изд. в 2019 г.
320 _aБиблиогр.: с. 293-304, в тексте и в подстроч. примеч.
320 _aУказ. имен: с. 305-311
320 _aУказ. иностр. терминов: с. 312-319
333 _a16+
600 1 _aШабустари
_bМ.
_f1287 - 1320
_gМахмуд
_xФилософские взгляды
_92439143
_3RU\NLR\AUTH\6601669128
686 1 _aЮ3(0)415.1-365
686 1 _aШ5(0)952.311-4Шабустари Махмуд
700 1 _aЛукашев
_bА. А.
_gАндрей Александрович
702 1 _4570
_7ca
_8rus
_aШабустари
_bМ.
_f1287-1320
_gМахмуд
_9206231
_3RU\NLR\AUTH\770206283
942 _cBOOK
980 _aNBR
980 _aNB